[Event "Quebec op"]
[Site "Montreal"]
[Date "1990.08.11"]
[Round "8"]
[White "Savoie, Gyl"]
[Black "Cazelais, Marc"]
[Result "1/2-1/2"]
[WhiteElo "1930"]
[BlackElo "2069"]
[PlyCount "64"]
[EventDate "1990.08.04"]
[EventType "swiss"]
[EventRounds "8"]
[EventCountry "CAN"]
[SourceTitle "EXT 2022"]
[Source "ChessBase"]
[SourceDate "2021.10.06"]
[SourceVersion "1"]
[SourceVersionDate "2021.10.06"]
[SourceQuality "1"]

1. e4 g6 2. d4 Bg7 3. Nc3 c6 4. Nf3 d5 5. h3 Nf6 6. Bd3 dxe4 7. Nxe4 Nxe4 8. Bxe4 Nd7 9. 0-0 0-0 10. Bg5 Re8 11. c3 Qc7 12. Qb3 b6 13. Rfe1 Bb7 14. Bh4 c5 15. Bg3 Qc8 16. Ng5 e6 17. Bxb7 Qxb7 18. Ne4 Qc6 19. Nd6 Rf8 20. Rad1 Nf6 21. Qc4 Qd5 22. dxc5 Qxc5 23. Qxc5 bxc5 24. Nb7 Rfc8 25. Re2 c4 26. Be5 Nd5 27. Bxg7 Kxg7 28. Rd4 Rc6 29. Na5 Ra6 30. Nxc4 Rxa2 31. Red2 Rb8 32. Kf1 Rb3 1/2-1/2